000
00280nam a2200109Ia 4500
001
589081
005
20250717120842.0
008
250717s9999 xx 000 0 und d
245
0
_a
X-2 SİYAH BEYAZLILAR KULÜBÜ
_c
ALICE HEMMING
260
_b
İNDİGO YAYINLARI
_c
2018
300
_b
18
999
_c
589081
_d
589081